Quizzes
Events
Quiz Creation
Community
Videos
Private Events
Remove Ads
Sign In
Join for FREE
Feedback
Dark Mode
Quiz Categories
Sports
Geography
Music
Movies
Television
Just For Fun
Miscellaneous
History
Literature
Language
Science
Gaming
Entertainment
Religion
Holiday
For Kids
Quiz Lab
Recent
Popular Today
Quiz Kudos Today
Editor Picks
Curator Picks
Quizzes by...
Day
Popularity
Type
Ratings
Length
Year
Community
Subscriptions
Recent Discussions
Orange Saloon
Badges
Playlists
Quests
Create
Leaderboards
Showdown
Live 5
Trivia Bingo
Activity
Puzzle Library
Sporcle Events
Private Events
Virtual Trivia
Globe League
Become a Host
Pub Owners
SporcleCon
Opinionation
Our Games
Videos
Blog
Mobile Apps
Partnerships
Remove Ads and Go Orange
Feedback
Literature
Harry Potter
A Song of Ice and Fire
The Hunger Games
Literary Character
Shakespeare
Book
Author
Novel
Poem
Young Adult
Children's Books
Play
Lord of the Rings
Literature
Harry Potter
A Song of Ice and Fire
The Hunger Games
Literary Character
Shakespeare
Book
Author
Novel
Poem
Young Adult
Children's Books
Play
Lord of the Rings
Random Quiz
Search Sporcle
×
Quiz Lab
Quiz Lab
Literature
Quote
Type in answers that appear in a list
Type in answers that appear in a list
Classic
Best Score? Go Orange.
Name the character from ASOIAF Stats
Can you name these characters from ASOIAF based on their short descriptions?
By
sekitma
10m
23 Questions
284 Plays
284 Plays
284 Plays
Comments
Comments
Give Quiz Kudos
Give Quiz Kudos
-
- Ratings
hide this ad
More Info
Forced Order
Answers have to be entered in order
Answers have to be entered in order
Replay
Link that replays current quiz
Next Quiz
Link to next quiz in quiz playlist
You Got
0%
They Got
Avg Score
61%
Avg Friend Score
Upgrade to see
Score Distribution
Jump to the score distribution portion of the page
Score
0/23
Timer
10:00
0
Plays Today
Quote
Answer
% Correct
'Six, and sickly, and Lord of the Eyrie'
Robert Arryn
94%
'...muscled like a maiden's fantasy'
Robert Baratheon
85.6%
'As well dress a cow in silk as this one.'
Brienne of Tarth
77.1%
'Too small, too hobbled, too in-
the-
way.'
Tyrion Lannister
76.8%
''He goes to his marriage bed like a man marching to a battlefield''
Stannis Baratheon
75.4%
''...her beauty would outshine the sun above.''
Arianne Martell
73.9%
'...he is Robert come again.'
Renly Baratheon
72.5%
'[Name] was pleasant company abed, but wit and he were strangers.'
Arys Oakheart
71.8%
'She ... smells of sin, like some exotic lotus.'
Taena Merryweather
71.5%
'...silver prince.'
Rhaegar Targaryen
71.1%
''Yes, she was the very soul of wisdom, that good lady.''
Lysa Arryn
68%
'...I seem as bad as Maegor the Cruel and Aerys the Mad together, with a pinch of Aegon the Unworthy for spice.'
Tyrion Lannister
65.5%
Quote
Answer
% Correct
'The perfect companion for a long ride.'
Ilyn Payne
61.3%
''Four hairs on his lip and he thinks he's a man.''
Lancel Lannister
57.4%
''...that smirking worm who wears a dragon's name''
Rhaegar Frey
57%
''When the sun has set, no candle can replace it.''
Renly Baratheon
55.7%
'He has supped on hate himself, this one. It has warmed him in the night for years.'
Jon Connington
53.7%
'...a butcher's son, and he laughed like a man chopping meat'
Janos Slynt
52.8%
'...compared to Ashara Dayne, [she] was a kitchen drab.'
Elia Martell
51.1%
'What do we have here, an honest muttonhead or a lickspittle?'
Cleos Frey
39.4%
'The old man … She had seen scarecrows with more flesh.'
Theon Greyjoy
36.1%
''Nice, though. A nice oak tree.''
Arya Stark
31.3%
''...more dangerous than all the Oznaks and Meros rolled up in one.''
Jorah Mormont
28.9%
Quiz Playlist
Details
Report
Send in Message
Add To Playlist
More Info:
Identify the character described. The quiz taker should have read all novels from A Song Of Ice And Fire by George RR Martin.
Classic:
Type in answers that appear in a list
Forced Order:
Answers have to be entered in order
Quiz Source
Last Updated: Mar 19, 2017
Quiz Scoreboard
CHALLENGE
Sign Up to Join the Scoreboard
Show All
Scores
Hide
Comments
May contain spoilers
Recently Published
Billboard Blitz: Fleetwood Mac
by CooCooCachoo
Music
15s
Presidents Visiting Landmarks
by Hejman
History
7m
An Introduction to Baseball
by treessimontrees
Sports
5m
More to Explore
Quiz From the Vault
Featured Blog Post
Where Did the Easter Bunny Come From?
hide this ad
You Might Also Like...
Tags
Book Quiz
Quote Quiz
asoiaf
Chapter
Character
description
George RR Martin
short
Today's Top Quizzes in Literature
Browse Literature
hide this ad
Today's Top Quizzes in Quote
Browse Quote
Top Contributed Quizzes in Literature
1
Sneaky Slytherin Logic Puzzle
2
Get The Picture: Black or White Literature
3
5-to-1: Plays
4
A Court of Thorns and Roses (ACoTaR) Logic Puzzle
5
One Thing in Common: Literature
6
One Thing in Common: Books
7
One Thing in Common: Literature 3
8
One Thing in Common: Literature II
9
Harry Potter Neighbourly Logic Puzzle #5
10
Harry Potter Neighbourly Logic Puzzle #6
Explore More
Trending Topics
Marvel
NBA
Crossword
Kpop
Disney
Harry Potter
Anime
Puzzle
Pokémon
Song
Soccer
WWE
NFL
The Office
Country
hide this ad
More By:
sekitma
Quiz
Plays
Rating
Category
Featured
Created
The Men of ASOIAF - Logic Puzzle (Hard)
8,323
3.75
Literature
Mar 21, 2017
The Women of ASOIAF - Logic Puzzle (Hard)
7,532
4.36
Literature
Mar 14, 2017
Name the character from ASOIAF
284
5.00
Literature
Mar 7, 2017
ASOIAF: Who's talking?
239
4.25
Literature
Feb 24, 2017
Go to Creator's Profile
Score Distribution
Quiz Creator Spotlight
sekitma
Follow
Send a Message
Quizzes Created
-
Created Quiz Play Count
-
More By This Creator
Popular Quizzes Today
1
Find the US States - No Outlines Minefield
2
Find the Countries of Europe - No Outlines Minefield
3
The Countries of the World
4
Find the US States
5
US States
6
Popular People in 1961
7
Risky Map Clicking: Biggest States A-Z
8
Movies - When Are They Set?
More Literature Quizzes
Quick Pick: ASOIAF's Castles
Quiz Lab
Trending Quizzes
Risky Map Clicking: Least Populous States A-Z
1-10 Letter G Words
1-10 Letter F Words
Risky Map Clicking: Next State Alphabetically
Risky Map Clicking: Biggest States A-Z
Recently Updated
Leaping Animals
pecheneg
Reality TV Shows (A-Z)
bhenderson79
Rickey Henderson's Hall of Fame Teammates
pecheneg
Champions League XIs: Arsenal
pecheneg
Quick Pick: Celebrities in WWE's Hall of Fame
aduchscher
A-Z Keypad Blitz II
pecheneg
Multiple Oscar Actors
pecheneg
Mystery Phrase Blitz: Oscar 'Best Actors'
pecheneg
F. Scott Fitzgerald Novels
LTH
Pick 3 Villains
ddd62291
Trending Topics
Harry Potter
Disney
NBA
Anime
Kpop
Crossword
Marvel
The Office
NFL
Country
Puzzle
WWE
Song
Soccer
Pokémon
Your Account Isn't Verified!
In order to create a playlist on Sporcle, you need to verify the email address you used during registration. Go to your
Sporcle Settings
to finish the process.
Report this User
Report this user for behavior that violates our
Community Guidelines
.
Details:
Send Report
Go to the Sporcle.com Mobile Site →
Comments